| 000 | 00000nam##2200000za#4500 |
| 001 | 9.697797 |
| 003 | CaOODSP |
| 005 | 20210624235636 |
| 007 | cr ||||||||||| |
| 008 | 150407|1996||||xxc|||||o f|0| 0 eng|d |
| 040 | |aCaOODSP|beng |
| 043 | |an-cn--- |
| 086 | 1 |aSE1-5/1-1993E-PDF |
| 110 | 1 |aCanada.|bElections Canada. |bChief Electoral Officer of Canada. |
| 245 | 10|aCanada's electoral system - strengthening the foundation : |h[electronic resource]|bannex to the report of the Chief Electoral Officer of Canada on the 35th general election |
| 260 | |aOttawa - Ontario : |bElections Canada. |cc1996. |
| 300 | |a106p. |
| 500 | |a"The objective of this report is to provide parliamentarians with a review of the Canada Elections Act, highlighting those areas in which modernization is required."--Introduction. |
| 500 | |aThe Catalogue No. (SE1-5/1-1993) and ISBN (0-662-62248-0) of the bilingual print edition have been incorrectly copied in the pdf edition. |
| 520 | 3 |aThe objective of this report is to provide parliamentarians with a review of the Canada Elections Act, highlighting those areas in which modernization is required.--Introduction |
| 590 | |a13-12-Supp|b2013-05-10 |
| 690 | 07|aElectoral system|2gcpds |
| 775 | 08|tLe système électoral du Canada - consolider les assises : |w(CaOODSP)9.641801 |
| 776 | 0#|tCanada's electoral system: strengthening the foundation : |w(CaOODSP)9.658309 |
| 776 | 0#|tLe système électoral du Canada: consolider les assises : |w(CaOODSP)9.658310 |
| 856 | 40|ahttp://publications.gc.ca|qPDF|s547 KB|uhttps://publications.gc.ca/collections/Collection/SE1-5-1-1993E.pdf |